00920ntm a22002177a 450000500170000000800410001704000280005808200170008610000240010324501290012726000100025630000360026650001800030259000220048265000400050465300230054465500090056794200080057699900170058495201010060120170809142216.0170802s2015 xx a frb 000 0 eng d aEG-ScBUEbengcEG-ScBUE04222a624bSER1 aSerkik, Tuqa Fathi.10aLean principles :ban innovative approach for achieving sustainability in the construction industry /cby Tuqa Fathi Serkik. c2015. a53 p. :bill. (col.) ;c28 cm.  aA dissertation submitted to the faculty of engineering the British university in Egypt in partial fulfillment of the requirements of the bachelor degree in Civil Engineering aNOURA TARK KAMAL. 2BUEshaCivil Engineering.vProjects bENGCIVcAugust2017 vSPRO 2ddc c25278d25250 00102ddc4070aMAINbMAINc2NDd2017-08-08l0o624 SERp000046543r2025-07-15 00:00:00yPROJST